MARC

Tag First Indicator Second Indicator Subfields
LEADER 00000cam a2200000 a 4500
001 in00002547421
005 20151201101536.0
008 090508s2010 vaub b s001 0 eng
010 |a  2009019407 
020 |a 9780813928456 (cloth : alk. paper) 
020 |a 0813928451 (cloth : alk. paper) 
020 |a 9780813928517 (e-book) 
020 |a 0813928516 (e-book) 
035 |a (OCoLC)ocn324776988 
040 |a DLC  |c DLC  |d UtOrBLW 
043 |a n-us-va  |a n-us--- 
049 |a TXAM 
050 0 0 |a F232.N86  |b T55 2010 
082 0 0 |a 975.5/2  |2 22 
100 1 |a Tillson, Albert H.,  |d 1948- 
245 1 0 |a Accommodating revolutions :  |b Virginia's Northern Neck in an era of transformations, 1760-1810 /  |c Albert H. Tillson, Jr. 
264 1 |a Charlottesville :  |b University of Virginia Press,  |c 2010. 
300 |a viii, 423 pages :  |b map ;  |c 25 cm. 
336 |a text  |b txt  |2 rdacontent 
337 |a unmediated  |b n  |2 rdamedia 
338 |a volume  |b nc  |2 rdacarrier 
504 |a Includes bibliographical references and index. 
505 0 |a A troubled gentry -- Beyond the plantations -- The world(s) Northern Neck slavery made -- The Scottish merchants -- Controlling the Revolution -- The evangelical challenge -- The preservation of hegemony. 
651 0 |a Northern Neck (Va.)  |x History  |y 18th century. 
651 0 |a Northern Neck (Va.)  |x Social conditions  |y 18th century. 
651 0 |a Northern Neck (Va.)  |x Economic conditions  |y 18th century. 
650 0 |a Gentry  |z Virginia  |z Northern Neck  |x History  |y 18th century. 
650 0 |a African Americans  |z Virginia  |z Northern Neck  |x History  |y 18th century. 
650 0 |a Merchants  |z Virginia  |z Northern Neck  |x History  |y 18th century. 
650 0 |a Slavery  |z Virginia  |z Northern Neck  |x History  |y 18th century. 
650 0 |a Social classes  |z Virginia  |z Northern Neck  |x History  |y 18th century. 
651 0 |a Virginia  |x History  |y Revolution, 1775-1783  |x Social aspects. 
651 0 |a United States  |x History  |y Revolution, 1775-1783  |x Social aspects. 
945 |a PromptCat 
946 |a stk 
947 |a A14840070165 
948 |a cataloged  |b h  |c 2010/2/22  |d c  |e dmitchel  |f 2:00:00 pm 
994 |a 92  |b TXA 
999 |a MARS 
999 f f |s b2ee6e6f-e2e0-30fb-aacd-55e2339e20e4  |i d783d1da-5e59-3632-8bc3-f71774304474  |t 0 
952 f f |p ric  |a Texas A&M University  |b Rellis Campus  |c Joint Library Facility  |d Remote Storage  |t 0  |e F232.N86 T55 2010  |h Library of Congress classification  |i unmediated -- volume  |m A14840070165 
998 f f |a F232.N86 T55 2010  |t 0  |l Remote Storage